World's Top 100 Airports (2016) - Statistics

General Stats
  • This quiz has been taken 343 times
  • The average score is 56 of 100
Answer Stats
Hint Answer % Correct
8 London Heathrow Airport, United Kingdom
93%
16 Beijing Capital International Airport, China
89%
45 London Gatwick Airport, United Kingdom
88%
33 Charles de Gaulle Airport, France
87%
91 Los Angeles International Airport, United States
86%
11 Narita International Airport, Japan
86%
4 Tokyo International Airport, Japan
86%
26 Dubai International Airport, United Arab Emirates
84%
95 London Stansted Airport, United Kingdom
84%
43 Hartsfield-Jakson Atlanta International Airport, United States
83%
41 London City Airport, United Kingdom
83%
53 Domodedovo International Airport, Russia
82%
78 Sheremetyevo International Airport, Russia
82%
1 Singapore Changi Airport, Singapore
82%
23 Sydney Airport, Australia
82%
31 Madrid-Barajas Airport, Spain
81%
34 Shanghai Hongqiao International Airport
80%
12 Frankfurt Airport, Germany
78%
27 Barcelona-El Prat Airport, Spain
77%
44 Toronto Pearson International Airport, Canada
77%
13 Amsterdam Airport Schiphol, Netherlands
76%
5 Hong Kong International Airport, China
76%
2 Incheon International Airport, South Korea
76%
3 Munich Airport, Germany
75%
37 San Francisco International Airport, United States
75%
25 Melbourne Airport, Australia
74%
64 Chhatrapati Shivaji International Airport, India
73%
42 Gimpo International Airport, South Korea
73%
36 Suvarnabhumi Airport, Thailand
73%
58 Dallas/Fort Worth International Airport, United States
72%
80 Dublin Airport, Ireland
71%
54 Seattle-Tacoma International Airport, United States
71%
67 Stockholm Arlanda Airport, Sweden
71%
14 Vancouver International Airport, Canada
71%
56 Oslo Airport, Gardermoen, Norway
70%
66 Indira Gandhi International Airport, India
69%
38 Abu Dhabi International Airport, United Arab Emirates
68%
63 Soekarno-Hatta International Airport, Indonesia
68%
9 Kansai International Airport, Japan
67%
29 Vienna International Airport, Austria
67%
18 Copenhagen Airport, Denmark
66%
10 Hamad International Airport, Qatar
66%
97 Logan International Airport
66%
90 Manchester Airport, United Kingdom
66%
71 George Bush Intercontinental Airport, United States
65%
15 Helsinki-Vantaa Airport, Finland
65%
24 Kuala Lumpur International Airport, Malaysia
65%
57 Lisbon Portela Airport, Portugal
65%
30 O. R. Tambo International Airport, South Africa
65%
7 Zurich Airport, Switzerland
65%
88 Montréal-Pierre Elliott Trudeau Airport, Canada
64%
73 Perth Airport, Australia
64%
21 Auckland International Airport, New Zealand
63%
83 Brussels Airport, Belgium
63%
59 John F. Kennedy International Airport, United States
63%
17 Brisbane Airport, Australia
62%
60 Athens International Airport "Eleftherios Venizelos", Greece
61%
20 Taiwan Taoyuan International Airport, Taiwan
60%
28 Denver International Airport, United States
57%
85 Guangzhou Baiyun International Airport, China
57%
22 Cape Town International Airport, South Africa
56%
93 Václav Havel Airport Prague, Czech Republic
54%
81 Sanya Phoenix International Airport, China
52%
96 Geneva International Airport, Switzerland
51%
69 Adelaide Airport, Australia
49%
40 Hamburg Airport, Germany
49%
76 Budapest Ferenc Liszt International Airport, Hungary
48%
89 Detroit Metropolitan Wayne County Airport, United States
48%
87 Birmingham Airport, United Kingdom
47%
82 Nội Bài International Airport, Vietnam
45%
46 El Dorado International Airport, Colombia
44%
39 Dusseldorf Airport, Germany
43%
49 Jorge Chavez International Airport, Peru
43%
50 Chengdu Shuangliu International Airport, China
42%
75 Minneapolis-Saint Paul International Airport, United States
41%
6 Chubu Centrair International Airport, Japan
39%
77 Shenzhen Bao'an International Airport, China
37%
48 Xi'an Shenyang International Airport, China
36%
19 Cologne/Bonn Airport, Germany
35%
84 Nice Côte d'Azur International Airport, France
35%
72 Keflavik International Airport, Iceland
34%
70 Francisco de Sá Carneiro Airport, Portugal
33%
74 Kempegowda International Airport, India
32%
47 Bahrain International Airport, Bahrain
31%
94 Muscat International Airport, Oman
31%
51 Christchurch International Airport, New Zealand
27%
35 King Shaka International Airport, South Africa
24%
98 Fukuoka Airport, Japan
23%
68 Rajiv Gandhi International Airport, India
22%
62 Mariscal Sucre International Airport, Ecuador
21%
55 Gold Coast Airport, Australia
16%
99 Luxembourg Findel Airport, Luxembourg
16%
86 Tocumen International Airport, Panama
15%
32 Cincinnati/Northern Kentucky International Airport, United States
14%
92 Malta International Airport, Malta
12%
52 Haikou Meilan International Airport, China
8%
61 Halifax Stanfield Airport, Canada
8%
65 José Joaquín de Olmedo International Airport, Ecuador
6%
79 Billund Airport, Denmark
4%
100 Kazan International Airport, Russia
2%
No matching quizzes found
Score Distribution
Percent of People with Each Score
Percentile by Number Answered
Your Score History
You have not taken this quiz